| 000 | 01209nas a2200313 4500 | ||
|---|---|---|---|
| 001 | BR2015003554 | ||
| 003 | BR-BrBNA | ||
| 005 | 20231205125431.0 | ||
| 007 | ta | ||
| 008 | 230509b bl.|||p| |||| 00| 00por d | ||
| 040 |
_aBR-BrBNA _bpor _cBiblioteca Nacional de Agricultura |
||
| 041 | _a(Pt) | ||
| 072 | _aF50 | ||
| 100 | 1 | _aRodrigues, F.A. | |
| 100 | 1 | _aCosta, F.H. da S. | |
| 100 | 1 | _aCastro, E.M. de | |
| 100 | 1 | _aPasqual, M. | |
| 100 | 1 | _aPereira, J.E.S. | |
| 100 | 1 | _aMiyata, L.Y. | |
| 111 | 1 |
_a16° Congresso Brasileiro de Floricultura e Plantas Ornamentais; 3° Congresso Brasileiro de Cultura de Tecidos de Plantas; 1° Simpósio de Plantas Ornamentais Nativas _cGoiânia, GO (Brazil) _d10-15 Sep 2007 |
|
| 245 | 1 | _aAnatomia foliar de cultivares de bananeira, influenciada por mudanças no ambiente de cultivo na fase de enraizamento/alongamento in vitro | |
| 650 | _aMUSA SP | ||
| 650 | _aBANANA | ||
| 650 | _aCONDIÇÃO AMBIENTAL | ||
| 650 | _aRADIAÇÃO LUMINOSA | ||
| 773 | 0 |
_tRevista Brasileira de Horticultura Ornamental (Brazil) _xISSN 1809-6093 _g(Sep 2007), v. 13(Suplemento) p. 746-749 _wBR2015003554 |
|
| 909 |
_a202311 _bLúcia _c55 _dLúcia Elande |
||
| 942 |
_2AGRIS _n0 _cANA |
||
| 999 |
_c244353 _d244353 |
||